000 00761nam a2200253 a 4500
001 000042737
003 DO-SdBNP
005 20250207125148.0
007 ta
008 140206s2009012 dr r 000 f spa d
020 _a9789945427820
040 _aDO-SdBNP
_bspa
_cBNPHU
082 4 _aRD863.44
_bM663m
_222
100 1 _aMinaya, Ligia,
_d1941-
_923177
245 1 _aMujeres de vida alegre /
_cLigia Minaya.
260 _aSanto Domingo :
_bEdiciones Ferilibro,
_c2009.
300 _a107 p. ;
_c24 cm.
500 _aIncluye datos biográficos del autor en las solapas
590 _aInventariado, 2022 / DG
650 0 _aNovela dominicana
_9223
650 0 _aLiteratura dominicana.
_967
910 _aDG/Validado. Control de calidad MFF
942 _2ddc
_cLBS1
999 _c51458
_d51458